000 00264 a2200121 4500
020 _a9788426437426
041 _aspa
100 _aSnicket, Lemony
245 _aEl ventanal
500 _aUna serie de catastrf̀¤icas desdichas. 3., .
942 _cBK
999 _c2616
_d2616
999 _d2616